|
|
|
|
| LEADER |
01133nam a2200301 u 4500 |
| 001 |
10030524 |
| 003 |
upatras |
| 005 |
20210117210041.0 |
| 008 |
991012s1989 us eng |
| 020 |
|
|
|a 0879693363
|
| 040 |
|
|
|a GR-PaULI
|c GR-PaULI
|
| 041 |
0 |
|
|a eng
|
| 082 |
0 |
4 |
|a 616.994
|
| 245 |
1 |
0 |
|a Oncogenes and the molecular origins of cancer
|c ; edited by Robert A. Weinberg
|
| 260 |
|
|
|a New York
|b Cold Spring Harbor Laboratory
|c 1989
|
| 300 |
|
|
|a x, 367 p.
|c 24 cm.
|
| 490 |
0 |
|
|a Cold spring harbor monograph series
|
| 504 |
|
|
|a Includes bibliographical references and subject index
|
| 650 |
|
4 |
|a Καρκίνος
|9 4886
|
| 650 |
|
4 |
|a Γενετική
|9 15126
|
| 650 |
|
4 |
|a Καρκίνος
|9 4886
|
| 700 |
1 |
|
|a Weinberg, Robert A.
|9 25183
|
| 760 |
0 |
|
|a Cold Spring Harbor monograph series
|
| 852 |
|
|
|a GR-PaULI
|b ΠΑΤΡΑ
|b ΒΚΠ
|b ΒΣ1
|k ΑΣΧΞ
|h 616.994 W
|m 051524
|p 025000068476
|t 1
|
| 942 |
|
|
|2 ddc
|c BK15
|
| 952 |
|
|
|0 0
|1 0
|4 0
|6 616_994000000000000_W
|7 0
|9 199669
|a LISP
|b LISP
|c BSC
|d 2016-04-24
|i 051524
|l 0
|o 616.994 W
|p 025000068476
|r 2016-04-24 00:00:00
|t 1
|w 2016-04-24
|y BK15
|
| 998 |
|
|
|c ΣΥΨΑ
|d 1999-10
|
| 999 |
|
|
|c 122420
|d 122420
|